| 000 | 00702nam a2200157 a 4500 | ||
|---|---|---|---|
| 001 | 000045112 | ||
| 005 | 20250221073755.0 | ||
| 008 | 090709s1973 dr a 000 0 spa d | ||
| 040 |
_aDO-SdBNP _bspa _cBNPHU |
||
| 110 | 1 |
_aRepública Dominicana. _bSecretariado Técnico de la Presidencia. _bOficina Nacional de Estadística _910866 |
|
| 245 | 1 | 0 |
_aDía de la estadística nacional : _bReseña historica de las quinta y sexta conmemoraciónes 1971-1972. |
| 260 |
_aSanto Domingo : _bOficina Nacional de Estadística:, _c1973. |
||
| 300 |
_a77 p. ; : _bil. ; _c28 cm. |
||
| 651 | 4 |
_aRepública Dominicana _xServicios Estadisticos _910867 |
|
| 710 | 1 |
_aRepública Dominicana. _bOficina Nacional de Estadística _95775 |
|
| 999 |
_c44601 _d44601 |
||